Yeni personel hukuku/ (Record no. 13311)

MARC details
000 -BAŞLIK
Sabit Uzunlukta Kontrol Alanı 00682nam a22002297a 4500
999 ## - SİSTEM KONTROL NUMARALARI (KOHA)
Koha Biblionumber 13311
Koha Biblioitemnumber 13311
003 - KONTROL NUMARASI IDENTIFIER
Denetim Alanı MIRAKIL
005 - SON İŞLEM TARİHİ VE ZAMANI
Denetim Alanı 20190614162101.0
008 - SABİT-BOY VERİ ELEMANLARI - GENEL BİLGİLER
Sabit Uzunlukta Kontrol Alanı 190614b tu ||||| |||| 00| 0 tur d
020 ## - ULUSLARARASI STANDART KİTAP NUMARASI
Uluslararası Standart Kitap Numarası 9786055202163
040 ## - KATALOGLAMA KAYNAK
Orijinal Kataloglama Ajansı TR-AnCHP
Metne Dönüştürmek Ajansı TR-AnCHP
041 ## - DİL KODU
Metin / Ses Parça Veya Ayrı Başlığın Dil Kodu tur
082 ## - DEWEY ONLU SINIFLANDIRMA NUMARASI
Sınıflandırma Numarası 344.561012
Ürün Numarası K26y 2014
100 ## - ANA GİRİŞ - KİŞİSEL İSİM
Kişisel Ad Karaaslan, Erkan
245 10 - BAŞLIK TABLOSU
Başlık Yeni personel hukuku/
Sorumluluk Tablosu, Vb Erkan Karaarslan , Mahmut Çolak.
260 ## - YAYIN, DAĞITIM, VB
Yayın, Dağıtım, Vb Yeri Antalya :
Yayıncı, Dağıtıcı, Vs Adı BEKAD Yayınları,
Yayın, Dağıtım, Vb Tarihi 2014.
300 ## - FİZİKSEL TANIM
Kapsam xı, 209 s. ;
Diğer Fiziksel Ayrıntıları tbl.;
Boyutlar 24 sm.
490 0# - SERİSİ TABLOSU
Seri Beyanı BEKAD Yayınları ;
Hacim / Ardışık Tanımı yayın no: 17
650 #0 - KONU KATMA GİRİŞ - TOPİKAL DÖNEM
9 (RLIN) 485
Topikal Süreli Veya Coğrafi Ad Giriş Elemanı Hukuk
Genel Alt Bölümü Türkiye
650 #0 - KONU KATMA GİRİŞ - TOPİKAL DÖNEM
9 (RLIN) 5813
Topikal Süreli Veya Coğrafi Ad Giriş Elemanı Personel Hukuku
Genel Alt Bölümü Türkiye
700 ## - KATMA GİRİŞ - KİŞİSEL İSİM
9 (RLIN) 5814
Kişisel Ad Çolak, Mahmut
942 ## - EKLENDİ GİRİŞ ELEMANLARI (KOHA)
Sınıflandırma Veya Raf Düzeni Kaynak Dewey Decimal Classification
Koha Öğesi Türü Books
Holdings
Kalıcı Konum Mevcut Konum Edinme Tarihi Toplam Check-Out'Lar Tam Çağrı Numarası Barkod Tarih Son Görülme İtibaren Geçerli Fiyatlar Koha Öğesi Türü
CHP Kütüphanesi CHP Kütüphanesi 06/14/2019   344.561012 K26y 2014 019207 06/14/2019 06/14/2019 Books